| 000 | 00737nam a2200217Ia 4500 | ||
|---|---|---|---|
| 003 | GCL | ||
| 008 | 140319s9999 xx 000 0 ara d | ||
| 040 |
_aGCL / _cGCL |
||
| 082 | 0 | 4 |
_a536 _bم ح |
| 100 | 1 | _aديتمان، ريتشارد هـ . | |
| 245 | 1 | 0 |
_aالحرارة والديناميكا الحرارية:مرجع مرحلة جامعيةمتوسطة / _cديتمان، ريتشارد هـ . |
| 700 | 1 | _aزيمانسكى، مارك | |
| 700 | 1 | _aمحسن سالم رضوان | |
| 260 |
_a[S.N] : _bدار ماكجروهيل للنشر ، _c1981 |
||
| 300 | _a655 ص | ||
| 490 | _a | ||
| 650 | 0 | 4 | _aالديناميكا |
| 650 | 0 | 4 | _aالديناميكا الحرارية |
| 650 | 0 | 4 | _aالحرارة |
| 942 |
_2ddc _cBK |
||
| 999 |
_c52617 _d52617 |
||